[Event "Santa Eugenia op 10th"]
[Site "Santa Eugenia"]
[Date "2015.??.??"]
[Round "5"]
[White "Alsina Carreras, Eva"]
[Black "Naspleda Nunez, Pere"]
[Result "1-0"]
[WhiteElo "1725"]
[BlackElo "1648"]
[PlyCount "83"]
[EventDate "2015.04.17"]
[EventType "swiss"]
[EventRounds "9"]
[EventCountry "ESP"]
[SourceTitle "EXT 2016"]
[Source "ChessBase"]
[SourceDate "2015.10.08"]
[SourceVersion "1"]
[SourceVersionDate "2015.10.08"]
[SourceQuality "1"]

1. e4 e5 2. Nf3 Nc6 3. d4 exd4 4. Nxd4 Nxd4 5. Qxd4 d6 6. e5 Qd7 7. Nc3 Ne7 8. Be3 Nc6 9. Bb5 Nxd4 10. Bxd7+ Bxd7 11. Bxd4 dxe5 12. Bxe5 Bc6 13. 0-0 0-0-0 14. a4 f6 15. Bf4 Bb4 16. Nb5 Bd6 17. Bxd6 cxd6 18. Nxa7+ Kc7 19. Nxc6 bxc6 20. Rfe1 Rd7 21. Re2 Ra8 22. b3 c5 23. Rae1 c4 24. Re7 cxb3 25. cxb3 Rb8 26. Rc1+ Kd8 27. Rxd7+ Kxd7 28. Rb1 d5 29. Kf1 Kd6 30. Ke2 Kc5 31. Kd3 d4 32. b4+ Rxb4 33. Rxb4 Kxb4 34. Kxd4 Kxa4 35. f4 Kb4 36. g4 h6 37. h4 Kb3 38. Ke4 g6 39. g5 fxg5 40. fxg5 hxg5 41. hxg5 Kc4 42. Ke5 1-0